Paris Saint-Germain Current Squad - Statistics

General Stats
  • This quiz has been taken 1,389 times
    647 since last reset
  • The average score is 10 of 29
Answer Stats
# Player % Correct
99 Gianluigi Donnarumma
89%
7 Kylian Mbappé
85%
5 Marquinhos
75%
10 Neymar
70%
2 Achraf Hakimi
66%
1 Keylor Navas
62%
3 Presnel Kimpembe
59%
6 Marco Verratti
55%
25 Nuno Mendes
55%
17 Vitinha
49%
8 Fabián Ruiz
43%
33 Warren Zaïre-Emery
39%
15 Danilo Pereira
33%
28 Carlos Soler
30%
14 Juan Bernat
29%
9 Mauro Icardi
28%
20 Layvin Kurzawa
23%
16 Sergio Rico
23%
Head Coach Christophe Galtier
21%
26 Nordi Mukiele
19%
23 Julian Draxler
16%
18 Renato Sanches
15%
90 Alexandre Letellier
13%
22 Abdou Diallo
12%
35 Ismaël Gharbi
7%
31 El Chadaille Bitshiabu
5%
70 Lucas Lavallée
3%
36 Ayman Kari
2%
29 Timothée Pembélé
1%
No matching quizzes found
Score Distribution
Percent of People with Each Score
Percentile by Number Answered
Your Score History
You have not taken this quiz since the last reset